000 00820nam a2200289 i 4500
001 C2-0172079
003 PPAK
005 20180728094026.0
008 980823s1964 my |||| ||||| | may d
040 _aPPAK
_beng
_cPPAK
_erda
082 0 4 _a398.22
_2 23
090 0 0 _a398.22
_bKIS
_dKAH
090 0 0 _a398.22
_bKIS
_dKAM
090 0 0 _a398.22
_bKIS
_dKAR
090 0 0 _a398.22
_bKIS
_dKIH
090 0 0 _a398.22
_bKIS
_dKSA
090 0 0 _a398.22
_bKIS
_dKSI
245 0 0 _aKisah pelayaran Abdullah :
_bka-Kelantan dan ka-Judah
264 1 _aKuala Lumpur :
_bOxford University Press ,
_c1964
300 _a185 pages ;
_c18 cm
336 _2rdacontent
_atext
337 _2rdamedia
_aunmediated
338 _2rdacarrier
_avolume
650 1 0 _aFolk literature, Malay
700 0 _aKassim Ahmad,
_ecompile
942 _ddc
_cB
999 _c154983
_d154983